000 01587nam0a2200325 4500
001 RU\NLR\bibl\1498324
005 20260407114332.0
010 _a978-5-7996-0457-8
_9100
021 _aRU
_b2010-13579
_9904
035 _a(NLR Aleph) 001489799
090 _a1756366
_c1756366
100 _a20100413d2009 |||y0rusy50 ca
101 0 _arus
102 _aRU
105 _ay |||||||||
200 1 _aОбщество различия и современная социальная онтология
_eматериалы круглого стола
_f[под ред. д.филос.н., проф. В.Е. Кемерова и др.]
210 _aЕкатеринбург
_cИзд-во Уральского университета
_d2009
215 _a164 с.
_d21
300 _aВ надзаг.: Федер. агентство по образованию, Урал. гос. ун-т им. А.М. Горького
320 _aБиблиогр. в подстроч. прим.
606 1 _aСоциальное неравенство
_jСъезды, совещания и т.п.
_xФилософские вопросы
_92181383
_3RU\NLR\auth\661311778
686 _aС550.324я431
686 _aЮ6я431
702 1 _aКемеров
_bВ. Е.
_gВячеслав Евгеньевич
_4340
712 0 2 _4570
_aУральский государственный университет им. А. М. Горького
_cЕкатеринбург
_3RU\NLR\AUTH\889947001
_9389617
801 0 _aRU
_bNLR
_c20100413
_gRCR
801 1 _aRU
_bNLR
_c20100413
942 _cBOOK
980 _aNB